003130000a22001330004500060000800000082001400008100001500022245004300037250000600080260005900086260000900145300000800154650001700162 a100 a589.9 SAL aSalle, A J aFundamental principles of bacteriology a6 aBombay, Tata mc graw - hill publishing company limited c1967 a822 aBacteriology